| 000 | 02808cam a22006974i 4500 | ||
|---|---|---|---|
| 003 | PE-LiUPU | ||
| 005 | 20250731170455.0 | ||
| 008 | 150706s2006 sp a rb 000 0 spa d | ||
| 020 | _a9788436824414 | ||
| 035 | _a(Sirsi) i9788436824414 | ||
| 040 |
_aPE-LiUPU _bspa _cPE-LiUPU _erda |
||
| 049 | _aPRUA | ||
| 082 | 0 | 4 |
_a155.9042 _bR71 _221 |
| 082 | 0 | 4 |
_a155.904 _bR71 2010 |
| 100 | 1 |
_aRobles Ortaga, Humbelina, _eautor. |
|
| 245 | 1 | 0 |
_aPrograma para el control de estrés / _cHumbelina Robles Ortega y María Isabel Peralta Ramírez. |
| 250 | _a2a ed. | ||
| 264 | 1 |
_aMadrid : _bEdiciones Pirámide, _c2006. |
|
| 300 |
_a248 páginas : _bilustraciones ; _c23 centímetros. |
||
| 336 |
_atext _2rdacontent |
||
| 337 |
_aunmediated _2rdamedia |
||
| 338 |
_avolume _2rdacarrier |
||
| 490 | 0 | _aColección Psicología. Sección Manuales prácticos | |
| 504 | _aIncluye referencias. | ||
| 505 | 0 | _aEl estrés -- Organización del programa de afrontamiento del estrés -- Contenidos de las sesiones del programa -- Ejercicios propuestos en las sesiones -- Tareas para casa -- Experiencias y resultados encontrados en el desarrollo del programa de afrontamiento del estrés en diferentes poblaciones. | |
| 526 | _aSEG68 | ||
| 526 | _aSEG70 | ||
| 526 | _aSEG69 | ||
| 526 | _aSEG67 | ||
| 526 | _aSEG43 | ||
| 526 | _aP144 | ||
| 526 | _aP143 | ||
| 526 | _aP131 | ||
| 526 | _aP122 | ||
| 526 | _aP120 | ||
| 526 | _aP117 | ||
| 526 | _aP112 | ||
| 526 | _aP110 | ||
| 526 | _aP106 | ||
| 526 | _aP101 | ||
| 526 | _aP80 | ||
| 526 | _aP59 | ||
| 526 | _aP54 | ||
| 526 | _aP35 | ||
| 526 | _aP33 | ||
| 526 | _aP30 | ||
| 541 | _g044-0008309; | ||
| 650 | 0 | 4 | _aEstrés (Psicología). |
| 650 | 0 | 4 | _aControl (Psicología). |
| 650 | 0 | 4 |
_aEstrés (Psicología) _xTratamiento _vProgramas. |
| 700 | 1 |
_aPeralta Ramírez, María Isabel, _eautor. |
|
| 910 |
_agl _bjv _cng _d20120821 |
||
| 942 |
_2ddc _cBOOK |
||
| 949 |
_a155.9042 R71 _wDEWEY _c1 _i65322 _lCCODEBUL1 _mBUL _p15.00 _r0 _sY _tBOOK _u2015-7-6 _xSALUD _PP33 _o.STAFF. Colección General |
||
| 949 |
_a155.904 R71 2010 _wDEWEY _c1 _iFJ09786 _lCCODEBUJ1 _mBUJ _p15.00 _r0 _sY _tBOOK _u2017-12-26 _xFCS _zPSICOLOGÍA _0COMPRA _o.STAFF. Colección General Juliaca |
||
| 994 |
_aC0 _bPEPRU |
||
| 596 | _a1 3 | ||
| 999 |
_a155.9042 R71 _wDEWEY _c53893 _i65322 _d53893 _e2017-6-22 _f2021-11-3 _g5 _lCCODEBUL1 _mBUL _n11 _p15.00 _q2 _r0 _sY _tBOOK _u2015-7-6 _xSALUD _PP33 _0COMPRA _o.STAFF. Colección Ciencias de la Salud |
||
| 999 |
_a155.904 R71 2010 _wDEWEY _c2 _iFJ09786 _d2019-11-22 _e2019-11-14 _f2022-1-17 _g4 _lCCODEBUJ1 _mBUJ _n8 _p30.00 _q10 _r0 _sY _tBOOK _u2015-10-14 _xSALUD _PP33 _0COMPRA _o.STAFF. Colección General Juliaca |
||
| 980 |
_81 _gALBERTO SANCHEZ Responsable de Automatización |
||